Culture Générale - Série 2501 - Statistiques

Statistiques générales
  • Ce quiz a été pris 125 fois
  • Le résultat moyen est 5 sur 10
Statistiques - réponses
Question Réponse % Correct
Quel fruit est utilisé dans la recette du gâteau "forêt-noire" ? voir photo cerise
95%
Comment s'appelle une entreprise qui emploie moins de 250 salariés (abréviation) ? PME
86%
Quelle ville portuaire au nord-ouest de l'Algérie est considérée comme le berceau de la musique raï ? Oran
55%
Dentier familier ou support servant à ranger verticalement des objets longs (ex. armes) ratelier
55%
Quel fruit est appelé "crassane" ? poire
53%
De quel pays Mascate est-elle la capitale ? Oman
50%
Au Maroc, maison urbaine traditionnelle construite autour d'un patio ou d'un jardin intérieur entouré d'une galerie. riad
38%
Si vous assistez à un match de football dans le stade du Roudourou, dans quelle ville de France vous trouvez-vous ? Guingamp
36%
Chaume laissé sur place après la moisson éteule
15%
Tissu fin et transparent, de lin ou de coton linon
2%
Aucun quiz correspondant
Distribution des résultats
% des personnes avec chaque résultat
Percentile par nombre de réponses
Votre historique - résultats
Vous n’avez pas pris ce quiz